[Event "Detroit (MI Action/1)"]
[Site "?"]
[Date "1992.??.??"]
[Round "?"]
[White "Keck, K."]
[Black "Kulbacki, James"]
[Result "0-1"]
[WhiteElo "1605"]
[BlackElo "1965"]
[PlyCount "78"]
[EventDate "1992.??.??"]

1. e4 e5 2. c3 Nf6 3. Qc2 Nc6 4. Nf3 Bc5 5. Bb5 d6 6. Bxc6+ bxc6 7. d4 exd4 8.
cxd4 Bb4+ 9. Bd2 Bxd2+ 10. Nbxd2 Bd7 11. O-O O-O 12. Ng5 h6 13. e5 hxg5 14.
exf6 Qxf6 15. Ne4 Qg6 16. Rac1 Bf5 17. Qe2 Bxe4 18. f3 Bd3 19. Qe1 Rfe8 20. Qf2
Bxf1 21. Qxf1 Qf6 22. Qf2 d5 23. b4 a5 24. b5 cxb5 25. Rxc7 Rac8 26. Rxc8 Rxc8
27. h3 Qf4 28. g3 Qc1+ 29. Qf1 b4 30. Qxc1 Rxc1+ 31. Kf2 a4 32. Ke2 b3 33. axb3
axb3 34. f4 b2 35. h4 b1=Q 36. Kf3 f5 37. fxg5 Qe4+ 38. Kf2 Rc2+ 39. Kf1 Qh1#
0-1

[Event "Detroit (MI Action/4)"]
[Site "?"]
[Date "1992.??.??"]
[Round "?"]
[White "Keck, K."]
[Black "Haakonstad, Olaf"]
[Result "0-1"]
[WhiteElo "1605"]
[BlackElo "1850"]
[PlyCount "108"]
[EventDate "1992.??.??"]

1. e4 e5 2. c3 Nf6 3. Qc2 Bc5 4. Nf3 Nc6 5. Bb5 d6 6. d4 exd4 7. cxd4 Bb4+ 8.
Bd2 Bxd2+ 9. Nbxd2 O-O 10. Bxc6 bxc6 11. Qxc6 Bd7 12. Qc3 Re8 13. e5 Bb5 14.
O-O-O Nd5 15. Qa5 a6 16. Rhe1 Nf4 17. g3 Nd3+ 18. Kb1 Nxf2 19. a4 Bd3+ 20. Kc1
Qd7 21. Qc3 Qxa4 22. Nb1 Bxb1 23. Kxb1 Nxd1 24. Qc2 Qxc2+ 25. Kxc2 Nf2 26. Re2
Ng4 27. h3 Nh6 28. Kc3 dxe5 29. dxe5 Nf5 30. g4 Ne7 31. Kc4 Rab8 32. b3 h6 33.
h4 Nc6 34. Re1 Rb5 35. g5 hxg5 36. hxg5 Nxe5+ 37. Nxe5 Rexe5 38. Rd1 Rec5+ 39.
Kd3 Rd5+ 40. Ke2 Rxd1 41. Kxd1 Rxb3 42. g6 a5 43. gxf7+ Kxf7 44. Kc2 a4 45. Kc1
a3 46. Kc2 Rb2+ 47. Kc3 c5 48. Kc4 a2 49. Kd5 a1=Q 50. Kc6 Qa6+ 51. Kd5 Rd2+
52. Kxc5 Qd6+ 53. Kb5 Rd5+ 54. Kc4 Qc6+ 0-1

[Event "Detroit (MI Op/3/15)"]
[Site "?"]
[Date "1992.??.??"]
[Round "?"]
[White "Kebrdle, M."]
[Black "Williams, Ron"]
[Result "1-0"]
[WhiteElo "2110"]
[BlackElo "1895"]
[PlyCount "117"]
[EventDate "1992.??.??"]

{3/(15)} 1. Nf3 d5 2. b4 Nf6 3. Bb2 Bg4 4. Ne5 Bh5 5. h3 Nbd7 6. g4 Nxe5 7.
Bxe5 Bg6 8. d3 e6 9. a3 Bd6 10. Bb2 c6 11. Bg2 Qe7 12. Nd2 Rd8 13. c4 dxc4 14.
Nxc4 Bb8 15. Ne5 Be4 16. Bxe4 Nxe4 17. Qc1 Nd6 18. Qe3 f6 19. Nf3 O-O 20. Rc1
Nb5 21. Nd4 Nc7 22. f4 Rde8 23. O-O Nd5 24. Qd2 Qd6 25. e3 g6 26. Ne2 Ne7 27.
d4 g5 28. Ng3 Ng6 29. Nh5 gxf4 30. exf4 Bc7 31. Rcd1 Bb6 32. Qg2 Qd5 33. Qxd5
exd5 34. Rde1 Kf7 35. f5 Nh4 36. Kf2 Bc7 37. Bc1 Re4 38. Rxe4 dxe4 39. Bf4 Bb6
40. Be3 Nf3 41. Ng3 Nxd4 42. Nxe4 Nc2 43. Bxb6 axb6 44. Rd1 Ke7 45. Rd6 Rf7 46.
Re6+ Kf8 47. Nxf6 Kg7 48. Ne8+ Kf8 49. Nd6 Re7 50. Rf6+ Kg7 51. g5 Nxa3 52. Rh6
Kg8 53. f6 Rd7 54. Nc8 Nc4 55. Ne7+ Kf8 56. Rxh7 Nd6 57. Kf3 Ke8 58. g6 Kd8 59.
g7 1-0

[Event "Detroit (MI Op/5/15)"]
[Site "?"]
[Date "1992.??.??"]
[Round "?"]
[White "Kebrdle, M."]
[Black "Skidmore, Mike"]
[Result "1/2-1/2"]
[WhiteElo "2110"]
[BlackElo "1990"]
[PlyCount "141"]
[EventDate "1992.??.??"]

{5/(15)} 1. c4 c6 2. Nf3 d5 3. b3 Nf6 4. Bb2 Bg4 5. e3 Nbd7 6. Be2 Bxf3 7. Bxf3
e5 8. O-O Bd6 9. d3 O-O 10. cxd5 cxd5 11. Nc3 Nb6 12. Nb5 a6 13. Nxd6 Qxd6 14.
Rc1 Nfd7 15. Be2 f5 16. f4 e4 17. dxe4 fxe4 18. Qd4 Rf7 19. Bh5 Re7 20. Rf2 Nf6
21. Bd1 Nbd7 22. Rfc2 Nf8 23. Qc5 Qd8 24. Bxf6 gxf6 25. Qd4 f5 26. Qf6 Rf7 27.
Qd4 Rg7 28. Rc5 Rd7 29. Qc3 Ne6 30. Rc8 Rxc8 31. Qxc8 Qxc8 32. Rxc8+ Kg7 33.
Rc2 d4 34. exd4 Nxd4 35. Rc3 Ne6 36. Be2 Nxf4 37. Bf1 Re7 38. Kf2 Kf6 39. g3
Ng6 40. Ke3 Ne5 41. Be2 Ng6 42. Rc5 Nf8 43. b4 Ne6 44. Rc3 Ke5 45. b5 Rc7 46.
Ra3 axb5 47. Bxb5 Nd4 48. Ba4 b5 49. Bd1 Rc2 50. Ra8 Rxh2 51. Re8+ Ne6 52. Bb3
Rh6 53. Bxe6 Rxe6 54. Rb8 Rd6 55. Rxb5+ Rd5 56. Rb3 h5 57. Ke2 Kf6 58. a4 Ke5
59. Ra3 Ra5 60. Ke3 Kd5 61. Ke2 Kd4 62. Kd2 Kc4 63. Ra1 Kb4 64. Rh1 Rxa4 65.
Rxh5 Ra5 66. Ke2 Rc5 67. Rg5 Rc2+ 68. Ke3 Rc3+ 69. Kd4 Rd3+ 70. Ke5 Rf3 71. g4
1/2-1/2

[Event "Detroit (MI Op/1b/4)"]
[Site "?"]
[Date "1992.??.??"]
[Round "?"]
[White "Kebrdle, M."]
[Black "Manion, Tom"]
[Result "1-0"]
[WhiteElo "2110"]
[BlackElo "1875"]
[PlyCount "73"]
[EventDate "1992.??.??"]

1. e4 Nf6 2. e5 Nd5 3. c4 Nb6 4. c5 Nd5 5. Nc3 c6 6. Bc4 Nc7 7. d4 d5 8. Bd3 b6
9. b4 Ba6 10. Nf3 Bxd3 11. Qxd3 g6 12. O-O Bg7 13. Ng5 O-O 14. f4 f6 15. exf6
exf6 16. Nf3 f5 17. Ne5 Ne8 18. a4 Nf6 19. Ba3 Qc7 20. b5 Rc8 21. Rac1 Ne4 22.
cxb6 axb6 23. Nxd5 cxd5 24. Rxc7 Rxc7 25. Qb3 Nf6 26. Rc1 Raa7 27. Nc6 Nxc6 28.
Rxc6 Rab7 29. Bd6 Rd7 30. Be5 Kf7 31. Qb4 Ne8 32. a5 Bf8 33. Qa4 bxa5 34. Qxa5
Nd6 35. b6 Nc4 36. Rf6+ Ke8 37. Qa8+ 1-0

[Event "Detroit (MI Action/5)"]
[Site "?"]
[Date "1992.??.??"]
[Round "?"]
[White "Kane, Paul"]
[Black "Skidmore, Jennifer"]
[Result "0-1"]
[WhiteElo "1605"]
[BlackElo "1900"]
[PlyCount "98"]
[EventDate "1992.??.??"]

1. d4 d5 2. c4 e6 3. Nc3 Nf6 4. Bg5 c6 5. cxd5 exd5 6. e3 Bd6 7. Bd3 O-O 8. Qc2
h6 9. Bh4 Nbd7 10. Nf3 Qc7 11. Bg3 Re8 12. O-O-O a6 13. Bxd6 Qxd6 14. g4 Nxg4
15. h3 Ngf6 16. Rdg1 c5 17. Nh4 Nf8 18. Nf5 Bxf5 19. Bxf5 cxd4 20. exd4 Ne6 21.
Qd3 Qf4+ 22. Kb1 Nxd4 23. Bg4 Rad8 24. Qg3 Qxg3 25. Rxg3 Nc6 26. Rhg1 g6 27.
Bd1 d4 28. Ne2 Ne4 29. Rf3 Nd2+ 30. Kc2 Nxf3 31. Rg3 d3+ 32. Kc3 dxe2 33. Bxe2
Rxe2 34. Rxf3 Rdd2 35. Kc4 Ne5+ 36. Kc5 Nxf3 37. Kb6 Rxb2+ 38. Ka7 b5 39. Kxa6
Rxa2+ 40. Kb6 Re5 41. h4 b4 42. h5 Rd2 43. hxg6 Rd6+ 44. Kc7 Rxg6 45. Kd7 Kh7
46. Kc7 f5 47. Kd7 b3 48. Kc7 Re7+ 49. Kd8 Ra7 0-1

[Event "Ann Arbor (Holiday Op)"]
[Site "?"]
[Date "1992.??.??"]
[Round "?"]
[White "Kane, Paul"]
[Black "Santiago, Reynaldo"]
[Result "0-1"]
[WhiteElo "1605"]
[BlackElo "2045"]
[PlyCount "88"]
[EventDate "1992.??.??"]

1. d4 Nf6 2. c4 g6 3. Nc3 c5 4. d5 Bg7 5. e4 d6 6. f3 O-O 7. Bd3 Re8 8. Nge2 e6
9. Bg5 h6 10. Bh4 g5 11. Bg3 Nh5 12. Qd2 a6 13. Bf2 Nd7 14. O-O-O Ne5 15. h4 g4
16. fxg4 Nxg4 17. Ng3 Nxg3 18. Bxg3 h5 19. Ne2 e5 20. Qg5 Qxg5+ 21. hxg5 Ne3
22. Rdg1 Bg4 23. Bf2 Bxe2 24. Bxe2 Ng4 25. Bxg4 hxg4 26. Rh4 b5 27. cxb5 axb5
28. Kb1 Ra4 29. Rxg4 b4 30. b3 Ra3 31. Kb2 Rea8 32. Ra1 c4 33. Rg3 c3+ 34. Kb1
c2+ 35. Kxc2 Rxa2+ 36. Rxa2 Rxa2+ 37. Kb1 Rxf2 38. Kc1 Rf4 39. g6 Rxe4 40.
gxf7+ Kxf7 41. Rd3 Bh6+ 42. Kc2 Re2+ 43. Kd1 Rxg2 44. Rf3+ Ke7 0-1

[Event "Detroit (Pan Am/3)"]
[Site "?"]
[Date "1992.??.??"]
[Round "?"]
[White "Kane, Paul"]
[Black "Sansone, W."]
[Result "1-0"]
[WhiteElo "1605"]
[BlackElo "1605"]
[PlyCount "151"]
[EventDate "1992.??.??"]

1. d4 Nf6 2. c4 g6 3. Nc3 Bg7 4. e4 d6 5. f3 O-O 6. Bg5 c5 7. d5 Bd7 8. Bd3 Na6
9. a3 Nc7 10. Nge2 Rb8 11. O-O b5 12. b3 bxc4 13. Bxc4 Nb5 14. Qd3 Nxc3 15.
Nxc3 Qa5 16. Bd2 Qb6 17. Rfb1 Qc7 18. Ne2 a5 19. b4 Nh5 20. Ra2 axb4 21. axb4
Ra8 22. b5 Rxa2 23. Bxa2 Rb8 24. Bc4 Nf6 25. Qa3 Qb7 26. Ba5 Ne8 27. b6 Ra8 28.
Nc3 Bxc3 29. Qxc3 Ng7 30. Qa3 e6 31. Ra1 e5 32. Qd3 Nh5 33. g3 Nf6 34. Bb5 Bxb5
35. Qxb5 Nd7 36. Qc6 Qxc6 37. dxc6 Nxb6 38. c7 Nc8 39. Kf2 Kf8 40. Ke3 Ke8 41.
Kd3 Kd7 42. Kc4 Kc6 43. Kb3 Ra7 44. Ka4 Nb6+ 45. Kb3 Rxc7 46. Bxb6 Kxb6 47. Kc4
Rb7 48. Kd5 Kc7 49. Ra8 Rb8 50. Ra7+ Rb7 51. Ra8 Kd7 52. Ra6 Rc7 53. Rxd6+ Ke7
54. Kxe5 c4 55. Rd2 c3 56. Rc2 f6+ 57. Kd4 Rd7+ 58. Kxc3 Rc7+ 59. Kd3 Rxc2 60.
Kxc2 Kd6 61. Kd2 Ke5 62. Ke3 g5 63. f4+ gxf4+ 64. gxf4+ Ke6 65. Kd4 Kd6 66. f5
h6 67. h3 Ke7 68. Kd5 Kd7 69. e5 fxe5 70. Kxe5 Ke7 71. f6+ Kf7 72. Kf5 h5 73.
h4 Kf8 74. Kg6 Kg8 75. Kxh5 Kf7 76. Kg5 1-0

[Event "Detroit (MI Action/3)"]
[Site "?"]
[Date "1992.??.??"]
[Round "?"]
[White "Kane, Paul"]
[Black "Roberts, Kenneth"]
[Result "0-1"]
[WhiteElo "1605"]
[BlackElo "1770"]
[PlyCount "62"]
[EventDate "1992.??.??"]

1. d4 Nf6 2. c4 g6 3. Nc3 d5 4. Qb3 dxc4 5. Qxc4 a6 6. Bf4 c6 7. e3 Bg7 8. Nf3
b5 9. Qb3 Be6 10. Qc2 O-O 11. Bd3 h6 12. O-O Nbd7 13. Ne4 Rc8 14. Nc5 Nxc5 15.
dxc5 Nd5 16. Bxg6 fxg6 17. Qxg6 Rf6 18. Qg3 Nxf4 19. exf4 Qf8 20. Nd4 Bd5 21.
f5 e6 22. Nxe6 Bxe6 23. fxe6 Rxe6 24. Qb3 Qf7 25. Rad1 Rce8 26. Rd3 Re5 27. Qd1
Rd5 28. Rxd5 Qxd5 29. Qc2 Qe5 30. b3 Qe2 31. Qg6 Re6 0-1

[Event "East Lansing (MI Am/3)"]
[Site "?"]
[Date "1992.??.??"]
[Round "?"]
[White "Kane, Paul"]
[Black "Niemi, S."]
[Result "1-0"]
[WhiteElo "1605"]
[BlackElo "1605"]
[PlyCount "53"]
[EventDate "1992.??.??"]

1. d4 b6 2. Nf3 g6 3. c4 Bb7 4. e3 e6 5. Nc3 Nc6 6. Bd3 Bg7 7. O-O Nh6 8. b3
Nf5 9. Bb2 Nh4 10. Nb5 Nb4 11. Nxh4 Qxh4 12. Nxc7+ Kf8 13. Nxa8 Nxd3 14. Qxd3
Qg5 15. f3 f5 16. Ba3+ Kf7 17. Nc7 e5 18. d5 Qh4 19. Nb5 e4 20. fxe4 Bxa1 21.
exf5 Bc8 22. Nd6+ Kg7 23. Rxa1 Qf6 24. Rf1 Qxd6 25. Bxd6 Re8 26. Qd4+ Kh6 27.
Rf3 1-0

[Event "Ann Arbor (Holiday Op)"]
[Site "?"]
[Date "1992.??.??"]
[Round "?"]
[White "Kane, Paul"]
[Black "McCarter, Robert"]
[Result "1-0"]
[WhiteElo "1605"]
[BlackElo "1700"]
[PlyCount "43"]
[EventDate "1992.??.??"]

1. d4 Nf6 2. c4 e6 3. Nf3 b6 4. Nc3 Bb7 5. Bg5 h6 6. Bh4 Bb4 7. Qc2 O-O 8. a3
Bxc3+ 9. Qxc3 g5 10. Bg3 Ne4 11. Qd3 f5 12. h3 f4 13. Bh2 Qe8 14. e3 fxe3 15.
Qxe3 d6 16. Bd3 Nf6 17. Nxg5 Bxg2 18. Rg1 hxg5 19. Qxg5+ Kh8 20. Qh6+ Kg8 21.
Rxg2+ Kf7 22. Rg7# 1-0

[Event "Ann Arbor (Holiday Op)"]
[Site "?"]
[Date "1992.??.??"]
[Round "?"]
[White "Kane, Paul"]
[Black "Lovejoy, J."]
[Result "1-0"]
[WhiteElo "1605"]
[BlackElo "1605"]
[PlyCount "33"]
[EventDate "1992.??.??"]

1. d4 d5 2. c4 dxc4 3. Nf3 Nc6 4. Bg5 Bg4 5. e3 f6 6. Bh4 e5 7. Bxc4 Bb4+ 8.
Nc3 e4 9. Qb3 Qe7 10. Nd2 Na5 11. Qa4+ Bd7 12. Bb5 O-O-O 13. Nd5 Qd6 14. Nxb4
Bxb5 15. Qxb5 Nc6 16. Nxe4 Nxb4 17. Nxd6+ 1-0

[Event "Detroit (MOR/4/92)"]
[Site "?"]
[Date "1992.??.??"]
[Round "?"]
[White "Kane, Paul"]
[Black "Lester, T."]
[Result "0-1"]
[WhiteElo "1605"]
[BlackElo "1605"]
[PlyCount "38"]
[EventDate "1992.??.??"]

{4/(92)} 1. e4 c6 2. d4 d5 3. exd5 cxd5 4. Nc3 Nf6 5. Nf3 Bf5 6. Bg5 e6 7. Bb5+
Nc6 8. Ne5 Qc7 9. Bxf6 gxf6 10. Nxc6 bxc6 11. Bd3 Bg6 12. Qf3 f5 13. O-O Bd6
14. h3 O-O-O 15. a4 Rdg8 16. Rfe1 h5 17. Ne2 h4 18. Kf1 Bh5 19. Qe3 f4 0-1

[Event "Detroit (Pan Am/4)"]
[Site "?"]
[Date "1992.??.??"]
[Round "?"]
[White "Kane, Paul"]
[Black "Hayes, P."]
[Result "1-0"]
[WhiteElo "1605"]
[BlackElo "1605"]
[PlyCount "57"]
[EventDate "1992.??.??"]

1. d4 Nf6 2. Nf3 d5 3. Bg5 Bg4 4. e3 Nbd7 5. Nbd2 e5 6. h3 Bh5 7. g4 Bg6 8.
Nxe5 Be7 9. Nxg6 hxg6 10. Bg2 c6 11. c3 Nf8 12. Qe2 Ne6 13. h4 Nxg5 14. hxg5
Rxh1+ 15. Bxh1 Nd7 16. f4 Qb6 17. O-O-O O-O-O 18. e4 Qa5 19. exd5 Bd6 20. Kb1
cxd5 21. Nb3 Qc7 22. Bxd5 Nb6 23. Bxf7 Qxf7 24. Rf1 Bxf4 25. Nc5 Re8 26. Ne4
Qc7 27. Nd6+ Qxd6 28. Qxe8+ Kc7 29. Qf7+ 1-0

[Event "East Lansing (MI Am/1)"]
[Site "?"]
[Date "1992.??.??"]
[Round "?"]
[White "Kane, Paul"]
[Black "Grzegorczyk, Ron"]
[Result "0-1"]
[WhiteElo "1605"]
[BlackElo "1665"]
[PlyCount "162"]
[EventDate "1992.??.??"]

1. d4 d5 2. Nf3 Nf6 3. c4 e6 4. Nc3 Be7 5. e3 a6 6. Bd3 Nbd7 7. O-O O-O 8. Re1
c6 9. b3 Bb4 10. Bb2 Re8 11. a3 Ba5 12. b4 Bc7 13. Rc1 e5 14. e4 exd4 15. Nxd4
dxc4 16. Bxc4 Ne5 17. Be2 Neg4 18. Nf3 Bb6 19. Qxd8 Bxf2+ 20. Kf1 Rxd8 21. Red1
Bb6 22. Rxd8+ Bxd8 23. e5 Nd5 24. Nxd5 cxd5 25. Bd4 Be6 26. h3 Nh6 27. g4 Rc8
28. Be3 Kf8 29. Bd3 Ng8 30. Bxh7 Ne7 31. Bd3 Nc6 32. Bf5 Ke7 33. Bxe6 Kxe6 34.
a4 Rc7 35. Bb6 Rd7 36. Bxd8 Rxd8 37. b5 Nxe5 38. Nd4+ Kd7 39. b6 Nc4 40. Kf2
Nxb6 41. Rb1 Kc7 42. a5 Nc4 43. Nf5 g6 44. Ng3 Nxa5 45. Ra1 Nc4 46. Rc1 b5 47.
Ne2 Kb6 48. h4 a5 49. h5 gxh5 50. gxh5 b4 51. h6 b3 52. h7 b2 53. Rh1 Rh8 54.
Nc3 a4 55. Nxa4+ Kb5 56. Nxb2 Nxb2 57. Rb1 Rxh7 58. Rxb2+ Kc5 59. Kf3 Rh4 60.
Rf2 Re4 61. Kg2 Re7 62. Rc2+ Kd4 63. Rc8 Kd3 64. Rd8 d4 65. Kf2 f5 66. Kf3 Rc7
67. Rd5 Rc1 68. Kf2 f4 69. Re5 Kd2 70. Re4 d3 71. Rxf4 Kc3 72. Rf8 d2 73. Rc8+
Kb4 74. Rb8+ Ka5 75. Ra8+ Kb6 76. Rb8+ Ka7 77. Re8 d1=Q 78. Re7+ Kb6 79. Re6+
Kc5 80. Re5+ Kd4 81. Rf5 Qf1+ 0-1

[Event "East Lansing (MI Am/5)"]
[Site "?"]
[Date "1992.??.??"]
[Round "?"]
[White "Kane, Paul"]
[Black "Duke, Daniel"]
[Result "1-0"]
[WhiteElo "1605"]
[BlackElo "1605"]
[PlyCount "57"]
[EventDate "1992.??.??"]

1. d4 Nf6 2. c4 d6 3. Nc3 g6 4. Nf3 Bg7 5. e4 O-O 6. Be2 c5 7. d5 e6 8. Bg5
exd5 9. Nxd5 Nbd7 10. Qd2 Re8 11. Bd3 Ne5 12. Nxe5 Rxe5 13. f4 Re8 14. O-O-O
Be6 15. Rde1 Bxd5 16. cxd5 Qb6 17. h4 h5 18. f5 c4 19. Bxc4 Nxe4 20. Qc2 Nxg5
21. hxg5 Bd4 22. fxg6 Rxe1+ 23. Rxe1 Be3+ 24. Kb1 Rf8 25. gxf7+ Rxf7 26. Qg6+
Rg7 27. Qe8+ Kh7 28. Bd3+ Rg6 29. Bxg6+ 1-0

[Event "Detroit (Pan Am/6)"]
[Site "?"]
[Date "1992.??.??"]
[Round "?"]
[White "Kane, Paul"]
[Black "Conlon, Russell"]
[Result "0-1"]
[WhiteElo "1605"]
[BlackElo "1805"]
[PlyCount "80"]
[EventDate "1992.??.??"]

1. d4 Nf6 2. c4 d6 3. Nc3 c6 4. e4 e5 5. d5 Be7 6. Bd3 O-O 7. f3 Na6 8. Be3 Nc5
9. Nge2 Nxd3+ 10. Qxd3 cxd5 11. cxd5 a6 12. O-O b5 13. b4 Nd7 14. Ng3 Nb6 15.
Bxb6 Qxb6+ 16. Kh1 Bd7 17. Nd1 Rfc8 18. Ne3 Bg5 19. Rae1 g6 20. Rf2 Rc7 21. Rc2
Rac8 22. Rxc7 Rxc7 23. Ngf1 a5 24. a3 axb4 25. axb4 Qd4 26. Qb1 Rc3 27. Rd1 Qb6
28. Ng4 Bxg4 29. fxg4 Qf2 30. Ng3 Rc2 31. Rg1 Be3 32. g5 Qxg1+ 33. Qxg1 Bxg1
34. Kxg1 Rb2 35. h4 Rxb4 36. Kf2 Rb2+ 37. Ne2 b4 38. Ke3 Rc2 39. Kd3 b3 40. g4
Rxe2 0-1

[Event "Detroit (MOR/6/72)"]
[Site "?"]
[Date "1992.??.??"]
[Round "?"]
[White "Kane, Paul"]
[Black "Choyke, J."]
[Result "0-1"]
[WhiteElo "1605"]
[BlackElo "1615"]
[PlyCount "90"]
[EventDate "1992.??.??"]

{6/(72)} 1. d4 Nc6 2. Nf3 d5 3. c4 Bg4 4. e3 e6 5. Be2 Bb4+ 6. Bd2 Bxd2+ 7.
Qxd2 dxc4 8. Qc2 Nge7 9. Nbd2 Bf5 10. Qxc4 O-O 11. O-O Nd5 12. Ne5 Nb6 13. Qc1
Nxe5 14. dxe5 Rc8 15. Rd1 Qe7 16. Nf3 c6 17. Rd2 Rfd8 18. h3 h6 19. Nd4 Be4 20.
f3 Bh7 21. e4 Nd7 22. f4 Bxe4 23. Bd3 Bxd3 24. Rxd3 Nc5 25. Rd1 Rd5 26. Qe3
Rcd8 27. Rd2 Qc7 28. b4 Nd7 29. Rad1 Nb6 30. Qc3 Nc8 31. a4 Ne7 32. Nb5 Qb6+
33. Nd4 a5 34. b5 cxb5 35. axb5 Nf5 36. Kf2 Nxd4 37. Qe3 R8d7 38. g4 Qd8 39.
Rg1 Nxb5 40. Re2 Rd3 41. Qe4 Nc3 42. Qc4 Nxe2 43. Kxe2 Rd2+ 44. Ke3 Qb6+ 45.
Kf3 Qf2+ 0-1

[Event "Detroit (MOR/2/89)"]
[Site "?"]
[Date "1992.??.??"]
[Round "?"]
[White "Kane, Paul"]
[Black "Calton, David A"]
[Result "0-1"]
[WhiteElo "1605"]
[BlackElo "1720"]
[PlyCount "86"]
[EventDate "1992.??.??"]

{2/(89)} 1. d4 e5 2. c3 Nc6 3. e3 d5 4. Nd2 e4 5. f3 f5 6. Bb5 Bd7 7. fxe4 fxe4
8. Qh5+ g6 9. Qxd5 Nf6 10. Qg5 Be7 11. Qf4 Bd6 12. Qf2 Ng4 13. Qe2 Qh4+ 14. Kd1
Nf2+ 15. Kc2 Nxh1 16. g3 Nxg3 17. hxg3 Qxg3 18. Nxe4 Qxg1 19. Nf6+ Kd8 20. d5
Ne5 21. Bxd7 Nxd7 22. Ne4 h5 23. b4 h4 24. Bb2 Qh2 25. Qxh2 Bxh2 26. Rh1 Be5
27. Ng5 Ke7 28. Nf3 Rag8 29. Nxe5 Nxe5 30. c4 Nxc4 31. Bxh8 Rxh8 32. Kd3 Ne5+
33. Ke4 Kd6 34. a3 h3 35. Rh2 Ng4 36. Rd2 h2 37. Kf4 h1=Q 38. Kxg4 Qh3+ 39. Kf4
Rh4+ 40. Kg5 Rh5+ 41. Kf6 Qf5+ 42. Kg7 g5 43. e4 Rh7+ 0-1

[Event "Detroit (Pan Am/1)"]
[Site "?"]
[Date "1992.??.??"]
[Round "?"]
[White "Kane, Paul"]
[Black "Calton, David A"]
[Result "0-1"]
[WhiteElo "1605"]
[BlackElo "1785"]
[PlyCount "120"]
[EventDate "1992.??.??"]

1. d4 e5 2. dxe5 Nc6 3. Nf3 Qe7 4. e3 Nxe5 5. b3 Nf6 6. Bb2 d6 7. Nbd2 Bg4 8.
Bb5+ c6 9. Be2 Nxf3+ 10. Bxf3 Bxf3 11. Nxf3 O-O-O 12. Qd4 Kb8 13. O-O-O Qe4 14.
Qd2 Be7 15. Ng5 Qg6 16. f4 h6 17. Nf3 Ne4 18. Qe2 Bf6 19. Nd4 c5 20. Nb5 Bxb2+
21. Kxb2 Qf6+ 22. c3 a6 23. Nd4 cxd4 24. exd4 Rhe8 25. Qf3 d5 26. Rhe1 Rc8 27.
Rd3 Nd2 28. Qf2 Rxe1 29. Qxe1 Ne4 30. g3 g5 31. Rf3 Qe6 32. f5 Qe7 33. g4 f6
34. Re3 Qc7 35. c4 Qxh2+ 36. Ka3 Qd6+ 37. Qb4 Qxb4+ 38. Kxb4 Nf2 39. cxd5 Nxg4
40. Re4 h5 41. d6 b6 42. Ka4 Nh6 43. d7 Rd8 44. Re8 Kc7 45. Re6 Nxf5 46. Rxf6
Nxd4 47. Kb4 Rxd7 48. Kc4 h4 49. a4 g4 50. Rf4 h3 51. Rxg4 h2 52. Rh4 Nf3 53.
Rh3 Rg7 54. b4 Rg4+ 55. Kd3 Rh4 56. Rxf3 h1=Q 57. Rf7+ Kd6 58. Rf6+ Ke5 59.
Rxb6 Rd4+ 60. Kc3 Qc1+ 0-1

[Event "Detroit (MOR/5/89)"]
[Site "?"]
[Date "1992.??.??"]
[Round "?"]
[White "Kane, Paul"]
[Black "Buerkle, T."]
[Result "1-0"]
[WhiteElo "1605"]
[BlackElo "1605"]
[PlyCount "145"]
[EventDate "1992.??.??"]

{5/(89)} 1. d4 d5 2. c4 e6 3. Nc3 Nf6 4. Bg5 Be7 5. e3 c6 6. Nf3 Nbd7 7. Qc2
O-O 8. cxd5 exd5 9. Bd3 Re8 10. O-O g6 11. Rfc1 Nf8 12. Bxf6 Bxf6 13. b4 a6 14.
a4 Bg4 15. Nd2 Be6 16. b5 cxb5 17. axb5 a5 18. Na4 Rc8 19. Qb3 b6 20. Rxc8 Bxc8
21. Rc1 Bb7 22. Nb1 Be7 23. Qc2 Bd6 24. Nbc3 Nd7 25. Qe2 f5 26. Qf3 Nf6 27. Bb1
Bc7 28. Nb2 Qd6 29. g3 Ne4 30. Nxe4 fxe4 31. Qg4 Rf8 32. Ba2 Kg7 33. Nd1 Rf3
34. Qg5 Rf5 35. Qg4 Bd8 36. Nc3 Rf3 37. Ne2 Rf5 38. Nf4 Qa3 39. Qe2 Qxc1+ 40.
Kg2 Qc7 41. Ne6+ Kh8 42. Nxc7 Bxc7 43. Bb3 Bd8 44. Bd1 Bc7 45. Qc2 Bd6 46. g4
Rf8 47. h3 Rc8 48. Qb3 Rc4 49. Be2 Rc8 50. f4 Bb4 51. Qa2 Rc3 52. Kf2 Kg7 53.
h4 Ra3 54. Qb2 Kf7 55. h5 gxh5 56. g5 Kg6 57. Qc1 Rc3 58. Qh1 Kg7 59. Qxh5 a4
60. Qh6+ Kh8 61. Qf6+ Kg8 62. Qe6+ Kh8 63. Qe8+ Kg7 64. Qd7+ Kh8 65. Qxb7 Ba5
66. Qxd5 a3 67. Bc4 Rc2+ 68. Kg3 Be1+ 69. Kh3 Rxc4 70. Qxc4 Bd2 71. Qb3 Bc1 72.
d5 Bb2 73. d6 1-0

[Event "Detroit (MI Action/1)"]
[Site "?"]
[Date "1992.??.??"]
[Round "?"]
[White "Kane, Paul"]
[Black "Baze, Lineas"]
[Result "0-1"]
[WhiteElo "1605"]
[BlackElo "2100"]
[PlyCount "63"]
[EventDate "1992.??.??"]

1. d4 Nf6 2. c4 g6 3. Nc3 Bg7 4. e4 d6 5. Nf3 O-O 6. Be2 e5 7. O-O Nc6 8. d5
Ne7 9. b4 Nd7 10. Bg5 f5 11. Kh1 b6 12. Qd2 f4 13. Rg1 h6 14. Bxe7 Qxe7 15. g3
g5 16. gxf4 Rxf4 17. Rg2 Nf6 18. Rag1 Nxe4 19. Nxe4 Rxe4 20. Nxg5 hxg5 21. Rxg5
Rf4 22. Rxg7+ Qxg7 23. Rxg7+ Kxg7 24. Qe1 Bf5 25. Qg1+ Kf6 26. Qg3 Rh8 27. Kg2
Bh3+ 28. Kg1 Rh6 29. Bd3 Rg4 30. Qxg4 Bxg4 31. Kg2 Bf5 32. Be2 0-1

[Event "Detroit (MOR/3/55)"]
[Site "?"]
[Date "1992.??.??"]
[Round "?"]
[White "Kamberi, Sonny"]
[Black "Turner, Keita"]
[Result "1-0"]
[WhiteElo "1605"]
[BlackElo "1710"]
[PlyCount "94"]
[EventDate "1992.??.??"]

{3/(55)} 1. e4 c5 2. c3 Nf6 3. e5 Nd5 4. d4 cxd4 5. cxd4 d6 6. Nf3 Nc6 7. Bc4
Nc7 8. O-O d5 9. Be2 Bf5 10. Nc3 a6 11. Bd2 Ne6 12. Be3 Rb8 13. Qb3 Nc7 14.
Rac1 e6 15. Na4 h6 16. Nc5 Bxc5 17. Rxc5 O-O 18. Bd3 Bxd3 19. Qxd3 f5 20. Rfc1
Qe7 21. Bd2 g5 22. a4 g4 23. Ne1 Qg7 24. b4 Ne8 25. b5 axb5 26. axb5 Ne7 27. g3
h5 28. Ng2 Qh7 29. Bb4 Rf7 30. Nf4 Qh6 31. Bd2 Ng6 32. Nxe6 Nxe5 33. dxe5 Qxe6
34. Rxd5 Nc7 35. Rd8+ Rxd8 36. Qxd8+ Ne8 37. Qg5+ Ng7 38. Qd8+ Rf8 39. Qc7 Ne8
40. Qxb7 h4 41. Qc6 Qe7 42. b6 Ng7 43. b7 hxg3 44. hxg3 Qxe5 45. Bf4 Qb2 46.
b8=Q Rxb8 47. Bxb8 Qxb8 1-0

[Event "East Lansing (MI Am/2)"]
[Site "?"]
[Date "1992.??.??"]
[Round "?"]
[White "Kamberi, Sonny"]
[Black "Smith, Mike A"]
[Result "1-0"]
[WhiteElo "1605"]
[BlackElo "1830"]
[PlyCount "102"]
[EventDate "1992.??.??"]

1. e4 c5 2. c3 d6 3. d4 Nf6 4. Bd3 Nc6 5. d5 Ne5 6. Bc2 g6 7. h3 Bg7 8. Nf3
Nxf3+ 9. Qxf3 b5 10. O-O O-O 11. Rd1 Ba6 12. Bf4 Nd7 13. Qe3 Ne5 14. Bd3 Qb6
15. Bh6 Nxd3 16. Rxd3 b4 17. Bxg7 Kxg7 18. Rd2 Rab8 19. Rc2 bxc3 20. Nxc3 Rb7
21. Ne2 Rfb8 22. Nf4 Qa5 23. b3 Rxb3 24. axb3 Qxa1+ 25. Rc1 Qa2 26. Qc3+ Kg8
27. Ra1 Qxb3 28. Qxb3 Rxb3 29. Rxa6 Rb1+ 30. Kh2 Rb7 31. h4 Kg7 32. Rc6 Kf6 33.
Nd3 Rb5 34. e5+ Kf5 35. exd6 exd6 36. Rxd6 c4 37. Ne1 Ke5 38. Rd7 a5 39. d6 c3
40. Rc7 Kxd6 41. Rxc3 Rb4 42. g3 h6 43. Ra3 Rb5 44. Ra4 g5 45. hxg5 hxg5 46.
Kg2 f6 47. Nc2 Rd5 48. Ne3 Rb5 49. Rxa5 Rb3 50. Ng4 Ke7 51. Rf5 Rb6 1-0

[Event "Lansing (Apr)"]
[Site "?"]
[Date "1992.??.??"]
[Round "?"]
[White "Kamberi, Sonny"]
[Black "Smeckert, Dennis"]
[Result "1-0"]
[WhiteElo "1605"]
[BlackElo "1605"]
[PlyCount "55"]
[EventDate "1992.??.??"]

1. e4 e5 2. Nf3 Nc6 3. Bb5 f5 4. Nc3 Nf6 5. exf5 d6 6. d4 Bd7 7. Bg5 Qe7 8. O-O
O-O-O 9. Nd5 Qf7 10. Bxf6 gxf6 11. Bc4 Qh5 12. Nxf6 Qxf5 13. Nxd7 Rxd7 14. Re1
d5 15. Bd3 e4 16. Nh4 Qg5 17. Bxe4 dxe4 18. Rxe4 Rg8 19. g3 Qd5 20. Qf3 Bd6 21.
Re8+ Rxe8 22. Qxd5 Bxg3 23. Qh5 Bxf2+ 24. Kxf2 Rf8+ 25. Kg1 Nxd4 26. Re1 Rg7+
27. Kh1 Rff7 28. Qd5 1-0

[Event "Detroit (MOR/1b/54)"]
[Site "?"]
[Date "1992.??.??"]
[Round "?"]
[White "Kamberi, Sonny"]
[Black "Scott, A."]
[Result "1-0"]
[WhiteElo "1605"]
[BlackElo "1605"]
[PlyCount "31"]
[EventDate "1992.??.??"]

1. e4 e5 2. Nf3 d6 3. d4 Nf6 4. dxe5 Nxe4 5. Qe2 Bf5 6. Nd4 Qd7 7. exd6 Bxd6 8.
f3 O-O 9. fxe4 Re8 10. Nxf5 g6 11. Nxd6 Qxd6 12. Nc3 Nc6 13. Qf2 Rad8 14. Bg5
Rd7 15. Bc4 Rf8 16. Rd1 1-0